Datum a čas kvízu
19.5
Celkem bodů
Celkový počet nahraných bodů na tomto kvízu bez doplňovacích otázek.
11.
Pořadí na kvízu
Konečné umístění týmu na tomto kvízu.
Zaznamenané odpovědi
| # | Otázka | Odpověď | Body | Výsledky |
|---|---|---|---|---|
| 1. | Minulý týden navštívila Českou... | Evropský parlament | 1 | |
| 2. | Minulý týden se stala hitem so... | Slovensko, ministerstvo kultury | 1 | |
| 3. | Minulý týden v úterý oslavil p... | Robbie Williams | 0 | |
| 4. | Tradiční český výrobce klavírů... | Petrof | 1 | |
| 5. | Který norský sportovec získal... | Johannes Bö | 0 | |
| 6. | Obec s nejdelším názvem v Česk... | A | 0 | |
| 7. | Česká republika hraničí se čty... | 1C 2B 3A 4D | 1 | |
| 8. | Nejvýše položená železniční st... | Kubova | 1 | |
| 9. | V této otázce bude potřeba k z... | 1A 2B 3C 4D | 0 | |
| 10. | V České republice jsou čtyři ú... | Krkonošský NP | 1 |